Primera Semana de Borja en Zaragoza (Record no. 143086)
[ view plain ]
| 000 -LEADER | |
|---|---|
| campo de control de longitud fija | 00780nam a2200217 4500 |
| 001 - NÚMERO DE CONTROL | |
| campo de control | 143086 |
| 003 - IDENTIFICADOR DE NÚMERO DE CONTROL | |
| campo de control | ES-MaACL |
| 005 - FECHA Y HORA DE LA ÚLTIMA TRANSACCIÓN | |
| campo de control | 20230906200722.0 |
| 007 - CAMPO FIJO DE DESCRIPCIÓN FÍSICA--INFORMACIÓN GENERAL | |
| campo de control de longitud fija | t| |
| 008 - DATOS DE LONGITUD FIJA--INFORMACIÓN GENERAL | |
| campo de control de longitud fija | 070214s1969 sp r ||||1| spa d |
| 111 2# - ENTRADA PRINCIPAL--NOMBRE DE CONGRESO/REUNIÓN | |
| Nombre de congreso/reunión o jurisdicción como elemento de entrada | Semana de Borja ( |
| Sede del congreso/Lugar de la reunión | Zaragoza ( |
| Fecha del congreso o de la firma del tratado | 1969) ( |
| Número del congreso/reunión o número de parte o sección | . 1ª) |
| 9 (RLIN) | 220845 |
| 245 10 - MENCIÓN DEL TÍTULO | |
| Título | Primera Semana de Borja en Zaragoza |
| Resto del título | : Palacio Provincial, 17 al 22 de febrero de 1969 : Teatro Cervantes de Borja, 23 febrero de 1969. |
| 260 ## - PUBLICACIÓN, DISTRIBUCIÓN, ETC. | |
| Lugar de publicación, distribución, etc. | Zaragoza : |
| Nombre del editor, distribuidor, etc. | Centro de Estudios Borjanos, |
| Fecha de publicación, distribución, etc. | 1969. |
| 300 ## - DESCRIPCIÓN FÍSICA | |
| Extensión | 129 p. ; |
| Dimensiones | 21 cm. |
| 490 1# - MENCIÓN DE SERIE | |
| Mención de serie | Centro de Estudios Borjanos ; |
| Designación de volumen o secuencia | 1 |
| 710 2# - ENTRADA AGREGADA--NOMBRE DE ENTIDAD CORPORATIVA | |
| Nombre de entidad corporativa o nombre de jurisdicción como elemento de entrada | Centro de Estudios Borjanos. |
| 9 (RLIN) | 2616 |
| 830 00 - PUNTO DE ACCESO ADICIONAL DE SERIE-TÍTULO UNIFORME | |
| Título uniforme | Colección "Monografías CESBOR" |
| Designación de volumen o secuencia | 1 |
| 9 (RLIN) | 233869 |
| 852 ## - LOCALIZACIÓN | |
| Ubicación | ES-MaACL |
| Número de control de estantería | C-36778 |
| Sublocalización o colección | R.71248 |
| 942 ## - ELEMENTOS DE ENTRADA SECUNDARIOS (KOHA) | |
| Fuente del sistema de clasificación o colocación | Clasificación decimal universal |
| Estatus retirado | Estado de pérdida | Estado de daño | No para préstamo | Biblioteca de origen | Biblioteca actual | Ubicación en estantería | Fecha de adquisición | Fuente de adquisición | Total de préstamos | Signatura topográfica completa | Código de barras | Visto por última vez | Precio de reemplazo | Tipo de ítem Koha |
|---|---|---|---|---|---|---|---|---|---|---|---|---|---|---|
| Biblioteca del Ateneo de Madrid | Biblioteca del Ateneo de Madrid | Depósito 2 | 17/01/2008 | C-36778 | 1148872 | 23/02/2023 | 23/02/2023 | Libro impreso |
